000 00641nam a22002417a 4500
003 UA-OsUOA
001 124749
007 ta
008 20170823b un ||||| |||| 00| 0 ukr d
100 _aКорецька К.
090 _a821.161.2
_bК66
942 _cBK
040 _aUA-OsUOA
_bukr
_cUA-OsUOA
_dUA-OsUOA
245 _aЗбирачі купальського вогню
_bпоезії
300 _a91 с.
955 _a3
041 _aukr
080 _a821.161.2
020 _a5-7707-4619-Х
260 _aЛуцьк
_c1993
650 7 _a82 Література. Літературознавство
_2UDC
999 _c411915
_d411915